Dictionary of biofertilisers and organic fertilisers (Record no. 42041)

MARC details
000 -LEADER
fixed length control field 00410nam a2200133Ia 4500
020 ## - INTERNATIONAL STANDARD BOOK NUMBER
ISBN 8185116474
082 ## - DEWEY DECIMAL CLASSIFICATION NUMBER
Classification number 631.86(038)
Item number BHA
245 #0 - TITLE STATEMENT
Title Dictionary of biofertilisers and organic fertilisers
260 ## - PUBLICATION, DISTRIBUTION, ETC. (IMPRINT)
Place of publication New Delhi
Name of publisher Fertiliser Development & Consultation Organization(FDCO)
Year of publication 2002
700 ## - ADDED ENTRY--PERSONAL NAME
Personal name Bhattacharyya, P
700 ## - ADDED ENTRY--PERSONAL NAME
Personal name Tandon, H L S
942 ## - ADDED ENTRY ELEMENTS (KOHA)
Koha item type Books
Holdings
Withdrawn status Lost status Damaged status Not for loan Home library Current library Date acquired Cost, normal purchase price Full call number Accession Number Koha item type
        RRII Library RRII Library 16/12/2021 350.00 631.86(038) BHA 22320 Books